000 00914nmc a2200349 a 4500
003 AR-BaBNM
005 20251128205756.0
008 168019s1994 ||||||||||||||000 | spa||
020 _a84-7043-807-7
040 _cAR-BaBNM
100 1 _aCian, Luciano
245 1 0 _aEducar a los adolescentes
_bnacidos para volar, libres para soñar
260 _aMadrid
_bCCS
_c1994
300 0 _a102 p.
490 0 _aEducación hoy
_vv. 5
650 4 _aADOLESCENTES
650 4 _aIDENTIDAD
650 4 _aORIENTACION ESCOLAR
650 4 _aPSICOLOGIA DEL ADOLESCENTE
650 4 _aDIALOGO
650 4 _aRESPONSABILIDAD DE LOS PADRES
650 4 _aRELACION PADRES-HIJOS
650 4 _aAMOR
650 4 _aLIBERTAD
650 4 _aVIOLENCIA
650 4 _aCRISTIANISMO
653 0 _aAUTONOMIA
653 0 _aORIENTACION VOCACIONAL
700 1 _aCuadrado, Arcadio
_etraductor
942 _cBK
998 _carturo
999 _c12768
_d12768